000 00409nam a2200145Ia 4500
008 151213s9999 xx 000 0 und d
100 _aGuy P. P. Refterman
245 _aTrend in Privet Investment in Developing Countries
_cGuy P. P. Refterman
260 _aWashinton D. C.
_bWorld Bank
_c1999
300 _a2043 p.
650 _aFinance
650 _aFinance
700 _aGuy P. P. Refterman
999 _c1499
_d1499